000 00438nam a2200097Ia 4500
008 180130s9999 xx 000 0 und d
245 _cBeail, Nigel; Jackson, Tom
_aPsychodynamic psychotherapy and people with intellectual disabilities
260 _c2013
300 _aBook title: Psychological therapies for adults with intellectual disabilities--Acession number C20702; pages 237-252
650 _aPEOPLE WITH MENTAL DISABILITIES--PSYCHOLOGY
999 _c353903
_d353903